[Event "Stay Safe Play From Home 322"]
[Site "Emanuel Lasker Arena"]
[Date "2020.07.22"]
[Round "6"]
[White "Oznog"]
[Black "NeatFox"]
[Result "0-1"]
[WhiteElo "1770"]
[BlackElo "1786"]
[Annotator "NA"]
[PlyCount "78"]
[EventDate "2020.07.22"]
[EventType "swiss (blitz)"]

1. d4 {[%emt 0:00:02]} d5 {[%emt 0:00:01]} 2. c4 {[%emt 0:00:01]} e6 {[%emt 0:00:01]} 3. Nc3 {[%emt 0:00:00]} Nf6 {[%emt 0:00:00]} 4. Nf3 {[%emt 0:00:00]} Nbd7 {[%emt 0:00:00]} 5. e3 {[%emt 0:00:00]} c6 {[%emt 0:00:00]} 6. cxd5 {[%emt 0:00:01]} cxd5 {[%emt 0:00:01]} 7. Qc2 {[%emt 0:00:00]} b6 {[%emt 0:00:01]} 8. Bd3 {[%emt 0:00:00]} Bb7 {[%emt 0:00:01]} 9. Bd2 {[%emt 0:00:01]} Rc8 {[%emt 0:00:00]} 10. a3 {[%emt 0:00:02]} Bd6 {[%emt 0:00:01]} 11. O-O-O {[%emt 0:00:02]} O-O {[%emt 0:00:01]} 12. Kb1 {[%emt 0:00:01]} h6 {[%emt 0:00:01]} 13. g4 {[%emt 0:00:01]} Nxg4 {[%emt 0:00:01]} 14. h4 {[%emt 0:00:01]} Nxf2 {[%emt 0:00:01]} 15. Rdf1 {[%emt 0:00:02]} Nxh1 {[%emt 0:00:01]} 16. Rxh1 {[%emt 0:00:00]} Nf6 {[%emt 0:00:01]} 17. Rg1 {[%emt 0:00:01]} Kh8 {[%emt 0:00:01]} 18. Ne5 {[%emt 0:00:03]} Bxe5 {[%emt 0:00:01]} 19. dxe5 {[%emt 0:00:00]} Ne4 {[%emt 0:00:01]} 20. Qd1 {[%emt 0:00:03]} Nxd2+ {[%emt 0:00:01]} 21. Qxd2 {[%emt 0:00:00]} d4 {[%emt 0:00:02]} 22. exd4 {[%emt 0:00:02]} Qxd4 {[%emt 0:00:00]} 23. Rd1 {[%emt 0:00:03]} Rfd8 {[%emt 0:00:02]} 24. Ne2 {[%emt 0:00:05]} Qxe5 {[%emt 0:00:04]} 25. Ka1 {[%emt 0:00:02]} Ba6 {[%emt 0:00:05]} 26. Nc1 {[%emt 0:00:09]} Bxd3 {[%emt 0:00:04]} 27. Nxd3 {[%emt 0:00:02]} Qd4 {[%emt 0:00:01]} 28. Qe2 {[%emt 0:00:01]} e5 {[%emt 0:00:06]} 29. Nf2 {[%emt 0:00:00]} Qf4 {[%emt 0:00:07]} 30. Rxd8+ {[%emt 0:00:00]} Rxd8 {[%emt 0:00:01]} 31. h5 {[%emt 0:00:03]} Rd2 {[%emt 0:00:02]} 32. Qb5 {[%emt 0:00:01]} Qxf2 {[%emt 0:00:02]} 33. Qe8+ {[%emt 0:00:01]} Kh7 {[%emt 0:00:00]} 34. Qe7 {[%emt 0:00:00]} Rd1+ {[%emt 0:00:01]} 35. Ka2 {[%emt 0:00:01]} Rd2 {[%emt 0:00:00]} 36. Qxe5 {[%emt 0:00:01]} Qc5 {[%emt 0:00:03]} 37. Qe4+ {[%emt 0:00:01]} f5 {[%emt 0:00:01]} 38. Qe8 {[%emt 0:00:00]} Qc4+ {[%emt 0:00:01]} 39. Kb1 {[%emt 0:00:01]} Rd1# {[%emt 0:00:00] (Lag: Av=0.69s, max=1.3s)} 0-1

[Event "Stay Safe Play From Home 322"]
[Site "Emanuel Lasker Arena"]
[Date "2020.07.22"]
[Round "6"]
[White "Udolerhard"]
[Black "Klasman"]
[Result "1-0"]
[WhiteElo "1755"]
[BlackElo "1412"]
[Annotator "NA"]
[PlyCount "55"]
[EventDate "2020.07.22"]
[EventType "swiss (blitz)"]

1. d4 {[%emt 0:00:01]} f5 {[%emt 0:00:02]} 2. Bf4 {[%emt 0:00:01]} Nf6 {[%emt 0:00:02]} 3. c4 {[%emt 0:00:01]} e6 {[%emt 0:00:01]} 4. Nc3 {[%emt 0:00:00]} d5 {[%emt 0:00:01]} 5. cxd5 {[%emt 0:00:01]} Nxd5 {[%emt 0:00:03]} 6. Nxd5 {[%emt 0:00:01]} Qxd5 {[%emt 0:00:03]} 7. e3 {[%emt 0:00:01]} Bb4+ {[%emt 0:00:02]} 8. Ke2 {[%emt 0:00:02]} Bd7 {[%emt 0:00:08]} 9. a3 {[%emt 0:00:01]} Bb5+ {[%emt 0:00:01]} 10. Qd3 {[%emt 0:00:02]} Bxd3+ {[%emt 0:00:02]} 11. Kxd3 {[%emt 0:00:00]} Qb3+ {[%emt 0:00:02]} 12. Ke2 {[%emt 0:00:02]} Qxb2+ {[%emt 0:00:01]} 13. Kf3 {[%emt 0:00:03]} Qxa1 {[%emt 0:00:02]} 14. Ne2 {[%emt 0:00:01]} Qxa3 {[%emt 0:00:01]} 15. g3 {[%emt 0:00:01]} Nc6 {[%emt 0:00:01]} 16. Bg2 {[%emt 0:00:00]} Nxd4+ {[%emt 0:00:01]} 17. Nxd4 {[%emt 0:00:01]} Bc5 {[%emt 0:00:01]} 18. Nxe6 {[%emt 0:00:01]} Bxe3 {[%emt 0:00:03]} 19. Bxe3 {[%emt 0:00:04]} Kf7 {[%emt 0:00:01]} 20. Nxc7 {[%emt 0:00:01]} Rac8 {[%emt 0:00:01]} 21. Nb5 {[%emt 0:00:03]} Qb4 {[%emt 0:00:04]} 22. Nd4 {[%emt 0:00:02]} Rhd8 {[%emt 0:00:03]} 23. Nxf5 {[%emt 0:00:02]} Rc3 {[%emt 0:00:05]} 24. Re1 {[%emt 0:00:03]} g6 {[%emt 0:00:02]} 25. Nh4 {[%emt 0:00:01]} g5 {[%emt 0:00:02]} 26. Nf5 {[%emt 0:00:01]} Kf6 {[%emt 0:00:01]} 27. Nh6 {[%emt 0:00:01]} Rdd3 {[%emt 0:00:02]} 28. Ng4+ {[%emt 0:00:00] Time (Lag: Av=0.72s, max=0.8s)} 1-0

[Event "Stay Safe Play From Home 322"]
[Site "Emanuel Lasker Arena"]
[Date "2020.07.22"]
[Round "6"]
[White "mcwashere99"]
[Black "Buzaglo"]
[Result "1-0"]
[WhiteElo "1709"]
[BlackElo "1885"]
[Annotator "NA"]
[PlyCount "73"]
[EventDate "2020.07.22"]
[EventType "swiss (blitz)"]

1. c4 {[%emt 0:00:04]} e6 {[%emt 0:00:00]} 2. Nc3 {[%emt 0:00:01]} d5 {[%emt 0:00:00]} 3. d4 {[%emt 0:00:00]} Nf6 {[%emt 0:00:01]} 4. Nf3 {[%emt 0:00:00]} c5 {[%emt 0:00:00]} 5. g3 {[%emt 0:00:00]} cxd4 {[%emt 0:00:00]} 6. Nxd4 {[%emt 0:00:01]} dxc4 {[%emt 0:00:00]} 7. Bg2 {[%emt 0:00:01]} Bb4 {[%emt 0:00:01]} 8. O-O {[%emt 0:00:01]} Bxc3 {[%emt 0:00:00]} 9. bxc3 {[%emt 0:00:00]} O-O {[%emt 0:00:01]} 10. Qa4 {[%emt 0:00:00]} Bd7 {[%emt 0:00:03]} 11. Qxc4 {[%emt 0:00:01]} Nc6 {[%emt 0:00:01]} 12. Rb1 {[%emt 0:00:02]} Rc8 {[%emt 0:00:01]} 13. Qd3 {[%emt 0:00:01]} Nxd4 {[%emt 0:00:02]} 14. Qxd4 {[%emt 0:00:00]} Bc6 {[%emt 0:00:02]} 15. Rd1 {[%emt 0:00:02]} Qa5 {[%emt 0:00:02]} 16. Qb4 {[%emt 0:00:06]} Qxa2 {[%emt 0:00:03]} 17. Bxc6 {[%emt 0:00:02]} bxc6 {[%emt 0:00:01]} 18. Bg5 {[%emt 0:00:02]} Nd5 {[%emt 0:00:02]} 19. Qd4 {[%emt 0:00:03]} Qc2 {[%emt 0:00:03]} 20. Rdc1 {[%emt 0:00:04]} Qg6 {[%emt 0:00:01]} 21. Bd2 {[%emt 0:00:02]} c5 {[%emt 0:00:01]} 22. Qe5 {[%emt 0:00:01]} Rfd8 {[%emt 0:00:02]} 23. Rb7 {[%emt 0:00:02]} Nc7 {[%emt 0:00:04]} 24. Rxc7 {[%emt 0:00:01]} Rxc7 {[%emt 0:00:01]} 25. Qxc7 {[%emt 0:00:00]} Qf6 {[%emt 0:00:03]} 26. Bf4 {[%emt 0:00:01]} g5 {[%emt 0:00:01]} 27. Be5 {[%emt 0:00:02]} Rd7 {[%emt 0:00:14]} 28. Qxd7 {[%emt 0:00:04]} Qxe5 {[%emt 0:00:01]} 29. Qd8+ {[%emt 0:00:02]} Kg7 {[%emt 0:00:00]} 30. Qd3 {[%emt 0:00:01]} f5 {[%emt 0:00:02]} 31. Qe3 {[%emt 0:00:00]} Qd5 {[%emt 0:00:01]} 32. Rd1 {[%emt 0:00:01]} Qb3 {[%emt 0:00:01]} 33. Kg2 {[%emt 0:00:00]} Qxd1 {[%emt 0:00:01]} 34. Qe5+ {[%emt 0:00:01]} Kg6 {[%emt 0:00:01]} 35. Qc7 {[%emt 0:00:00]} Kh5 {[%emt 0:00:00]} 36. Qxh7+ {[%emt 0:00:01]} Kg4 {[%emt 0:00:02]} 37. Qh3# {[%emt 0:00:00] Mate} 1-0

[Event "Stay Safe Play From Home 322"]
[Site "Emanuel Lasker Arena"]
[Date "2020.07.22"]
[Round "6"]
[White "Meini"]
[Black "Mandy"]
[Result "1-0"]
[WhiteElo "1576"]
[BlackElo "881"]
[Annotator "NA"]
[PlyCount "27"]
[EventDate "2020.07.22"]
[EventType "swiss (blitz)"]

1. d4 {[%emt 0:00:01]} d5 {[%emt 0:00:02]} 2. Bf4 {[%emt 0:00:01]} c6 {[%emt 0:00:04]} 3. e3 {[%emt 0:00:00]} Nf6 {[%emt 0:00:02]} 4. Nf3 {[%emt 0:00:00]} e6 {[%emt 0:00:02]} 5. c3 {[%emt 0:00:01]} Nbd7 {[%emt 0:00:02]} 6. Bd3 {[%emt 0:00:01]} Be7 {[%emt 0:00:08]} 7. Nbd2 {[%emt 0:00:02]} e5 {[%emt 0:00:11]} 8. Nxe5 {[%emt 0:00:02]} Ne4 {[%emt 0:00:11]} 9. Nxe4 {[%emt 0:00:03]} dxe4 {[%emt 0:00:03]} 10. Bxe4 {[%emt 0:00:01]} Nxe5 {[%emt 0:00:04]} 11. Bxe5 {[%emt 0:00:02]} Be6 {[%emt 0:00:07]} 12. O-O {[%emt 0:00:02]} f6 {[%emt 0:00:01]} 13. Bg3 {[%emt 0:00:02]} O-O {[%emt 0:00:03]} 14. Qc2 {[%emt 0:00:02] Zeit (Lag: Av=0.52s, max=0.7s)} 1-0

[Event "Stay Safe Play From Home 322"]
[Site "Emanuel Lasker Arena"]
[Date "2020.07.22"]
[Round "7"]
[White "Broken sword"]
[Black "mcwashere99"]
[Result "1-0"]
[WhiteElo "2416"]
[BlackElo "1809"]
[Annotator "NA"]
[PlyCount "159"]
[EventDate "2020.07.22"]
[EventType "swiss (blitz)"]

1. e4 {[%emt 0:00:01]} Nf6 {[%emt 0:00:06]} 2. e5 {[%emt 0:00:01]} Nd5 {[%emt 0:00:01]} 3. d4 {[%emt 0:00:00]} d6 {[%emt 0:00:00]} 4. Nf3 {[%emt 0:00:00]} dxe5 {[%emt 0:00:01]} 5. Nxe5 {[%emt 0:00:00]} c6 {[%emt 0:00:01]} 6. c4 {[%emt 0:00:01]} Nb4 {[%emt 0:00:01]} 7. a3 {[%emt 0:00:01]} Qxd4 {[%emt 0:00:01]} 8. Qxd4 {[%emt 0:00:01]} Nc2+ {[%emt 0:00:01]} 9. Kd1 {[%emt 0:00:00]} Nxd4 {[%emt 0:00:00]} 10. Nc3 {[%emt 0:00:01]} Ne6 {[%emt 0:00:00]} 11. Be3 {[%emt 0:00:02]} Nd7 {[%emt 0:00:00]} 12. Nxd7 {[%emt 0:00:01]} Bxd7 {[%emt 0:00:00]} 13. Kc2 {[%emt 0:00:00]} O-O-O {[%emt 0:00:01]} 14. Rd1 {[%emt 0:00:00]} f6 {[%emt 0:00:01]} 15. Be2 {[%emt 0:00:00]} b6 {[%emt 0:00:03]} 16. b4 {[%emt 0:00:01]} Nc7 {[%emt 0:00:01]} 17. Bf3 {[%emt 0:00:01]} e5 {[%emt 0:00:01]} 18. Kb3 {[%emt 0:00:01]} Be7 {[%emt 0:00:01]} 19. Rd2 {[%emt 0:00:01]} Be8 {[%emt 0:00:02]} 20. Rhd1 {[%emt 0:00:01]} Rxd2 {[%emt 0:00:01]} 21. Rxd2 {[%emt 0:00:00]} Ne6 {[%emt 0:00:01]} 22. Kb2 {[%emt 0:00:02]} Kc7 {[%emt 0:00:00]} 23. b5 {[%emt 0:00:02]} Bd7 {[%emt 0:00:03]} 24. a4 {[%emt 0:00:02]} Bb4 {[%emt 0:00:04]} 25. Kb3 {[%emt 0:00:03]} Bxc3 {[%emt 0:00:01]} 26. Kxc3 {[%emt 0:00:00]} c5 {[%emt 0:00:02]} 27. Bd5 {[%emt 0:00:01]} Rd8 {[%emt 0:00:00]} 28. f3 {[%emt 0:00:02]} Nf8 {[%emt 0:00:02]} 29. Re2 {[%emt 0:00:02]} Be6 {[%emt 0:00:00]} 30. Be4 {[%emt 0:00:00]} f5 {[%emt 0:00:01]} 31. Bc2 {[%emt 0:00:01]} g6 {[%emt 0:00:00]} 32. Bf2 {[%emt 0:00:01]} Nd7 {[%emt 0:00:01]} 33. Bg3 {[%emt 0:00:01]} f4 {[%emt 0:00:01]} 34. Bf2 {[%emt 0:00:00]} Re8 {[%emt 0:00:01]} 35. g3 {[%emt 0:00:00]} fxg3 {[%emt 0:00:01]} 36. hxg3 {[%emt 0:00:01]} Bf5 {[%emt 0:00:00]} 37. Bb3 {[%emt 0:00:01]} e4 {[%emt 0:00:01]} 38. f4 {[%emt 0:00:01]} Bg4 {[%emt 0:00:01]} 39. Re1 {[%emt 0:00:00]} Bf3 {[%emt 0:00:00]} 40. Be3 {[%emt 0:00:01]} Nf6 {[%emt 0:00:01]} 41. Rh1 {[%emt 0:00:01]} Ng4 {[%emt 0:00:00]} 42. Re1 {[%emt 0:00:02]} h5 {[%emt 0:00:02]} 43. Bc2 {[%emt 0:00:01]} Rd8 {[%emt 0:00:01]} 44. Bc1 {[%emt 0:00:01]} Re8 {[%emt 0:00:01]} 45. Bd2 {[%emt 0:00:01]} a6 {[%emt 0:00:01]} 46. bxa6 {[%emt 0:00:01]} Kb8 {[%emt 0:00:01]} 47. a5 {[%emt 0:00:01]} Ka7 {[%emt 0:00:01]} 48. axb6+ {[%emt 0:00:01]} Kxa6 {[%emt 0:00:00]} 49. Ra1+ {[%emt 0:00:00]} Kxb6 {[%emt 0:00:01]} 50. Rb1+ {[%emt 0:00:00]} Kc7 {[%emt 0:00:01]} 51. Ra1 {[%emt 0:00:00]} Kd6 {[%emt 0:00:01]} 52. Ra6+ {[%emt 0:00:01]} Ke7 {[%emt 0:00:01]} 53. Rxg6 {[%emt 0:00:00]} Kf8 {[%emt 0:00:00]} 54. Rg5 {[%emt 0:00:02]} e3 {[%emt 0:00:00]} 55. Be1 {[%emt 0:00:00]} e2 {[%emt 0:00:01]} 56. Rf5+ {[%emt 0:00:00]} Kg7 {[%emt 0:00:01]} 57. Rg5+ {[%emt 0:00:00]} Kf6 {[%emt 0:00:01]} 58. Rxh5 {[%emt 0:00:01]} Ke7 {[%emt 0:00:00]} 59. Rg5 {[%emt 0:00:01]} Kd6 {[%emt 0:00:00]} 60. Bf5 {[%emt 0:00:01]} Re3+ {[%emt 0:00:00]} 61. Kd2 {[%emt 0:00:01]} Nf6 {[%emt 0:00:00]} 62. Kxe3 {[%emt 0:00:01]} Be4 {[%emt 0:00:01]} 63. Bxe4 {[%emt 0:00:01]} Nd5+ {[%emt 0:00:01]} 64. Bxd5 {[%emt 0:00:01]} Kc7 {[%emt 0:00:00]} 65. Rg6 {[%emt 0:00:00]} Kd7 {[%emt 0:00:01]} 66. Rc6 {[%emt 0:00:00]} Ke7 {[%emt 0:00:00]} 67. Kxe2 {[%emt 0:00:00]} Kf8 {[%emt 0:00:00]} 68. Kf3 {[%emt 0:00:00]} Kg7 {[%emt 0:00:00]} 69. g4 {[%emt 0:00:00]} Kh7 {[%emt 0:00:00]} 70. Ke4 {[%emt 0:00:00]} Kg7 {[%emt 0:00:00]} 71. Kf3 {[%emt 0:00:00]} Kf8 {[%emt 0:00:00]} 72. Be4 {[%emt 0:00:00]} Ke7 {[%emt 0:00:00]} 73. Ke3 {[%emt 0:00:00]} Kd8 {[%emt 0:00:00]} 74. Rd6+ {[%emt 0:00:00]} Ke7 {[%emt 0:00:01]} 75. Rd5 {[%emt 0:00:00]} Kf7 {[%emt 0:00:00]} 76. Rxc5 {[%emt 0:00:00]} Ke7 {[%emt 0:00:00]} 77. Rd5 {[%emt 0:00:00]} Ke8 {[%emt 0:00:00]} 78. Kf3 {[%emt 0:00:00]} Ke7 {[%emt 0:00:00]} 79. c5 {[%emt 0:00:00]} Kf7 {[%emt 0:00:00]} 80. c6 {[%emt 0:00:00] mcwashere99 resigns (Lag: Av=0.42s, max=1.4s)} 1-0

[Event "Stay Safe Play From Home 322"]
[Site "Emanuel Lasker Arena"]
[Date "2020.07.22"]
[Round "7"]
[White "Mepe_Nika"]
[Black "Stefanone"]
[Result "1-0"]
[WhiteElo "2410"]
[BlackElo "2090"]
[PlyCount "53"]
[EventDate "2020.07.22"]
[EventType "swiss (blitz)"]

1. d4 {[%emt 0:00:01]} d6 {[%emt 0:00:00]} 2. Bf4 {[%emt 0:00:01]} f5 {[%emt 0:00:01]} 3. Nc3 {[%emt 0:00:01]} Nf6 {[%emt 0:00:01]} 4. Bg5 {[%emt 0:00:00]} Nbd7 {[%emt 0:00:01]} 5. f3 {[%emt 0:00:02]} g6 {[%emt 0:00:01]} 6. Nh3 {[%emt 0:00:01]} Bg7 {[%emt 0:00:01]} 7. Nf2 {[%emt 0:00:01]} O-O {[%emt 0:00:00]} 8. e4 {[%emt 0:00:01]} e5 {[%emt 0:00:03]} 9. Bc4+ {[%emt 0:00:01]} Kh8 {[%emt 0:00:01]} 10. O-O {[%emt 0:00:01]} Qe7 {[%emt 0:00:01]} 11. Nd5 {[%emt 0:00:02]} Qd8 {[%emt 0:00:01]} 12. dxe5 {[%emt 0:00:01]} dxe5 {[%emt 0:00:01]} 13. Qe2 {[%emt 0:00:02]} c6 {[%emt 0:00:02]} 14. Nxf6 {[%emt 0:00:01]} Nxf6 {[%emt 0:00:00]} 15. Rad1 {[%emt 0:00:01]} Qe7 {[%emt 0:00:01]} 16. Rfe1 {[%emt 0:00:01]} Be6 {[%emt 0:00:01]} 17. exf5 {[%emt 0:00:03]} gxf5 {[%emt 0:00:01]} 18. Qxe5 {[%emt 0:00:02]} Rae8 {[%emt 0:00:02]} 19. Qxe6 {[%emt 0:00:01]} Qxe6 {[%emt 0:00:00]} 20. Rxe6 {[%emt 0:00:01]} Rxe6 {[%emt 0:00:01]} 21. Bxe6 {[%emt 0:00:00]} Re8 {[%emt 0:00:00]} 22. Bxf5 {[%emt 0:00:01]} Re2 {[%emt 0:00:01]} 23. Bxf6 {[%emt 0:00:01]} Bxf6 {[%emt 0:00:01]} 24. Ne4 {[%emt 0:00:01]} Rxc2 {[%emt 0:00:02]} 25. Nxf6 {[%emt 0:00:02]} Rxb2 {[%emt 0:00:01]} 26. Rd7 {[%emt 0:00:01]} Rxa2 {[%emt 0:00:01]} 27. Rxh7# {[%emt 0:00:01] (Lag: Av=0.31s, max=0.4s)} 1-0

[Event "Stay Safe Play From Home 322"]
[Site "Emanuel Lasker Arena"]
[Date "2020.07.22"]
[Round "7"]
[White "BrainThinker22"]
[Black "Mr bh6"]
[Result "0-1"]
[WhiteElo "2380"]
[BlackElo "2382"]
[Annotator "NA"]
[PlyCount "54"]
[EventDate "2020.07.22"]
[EventType "swiss (blitz)"]

1. e4 {[%emt 0:00:01]} e6 {[%emt 0:00:00]} 2. Nc3 {[%emt 0:00:01]} d5 {[%emt 0:00:00]} 3. e5 {[%emt 0:00:00]} c5 {[%emt 0:00:01]} 4. d3 {[%emt 0:00:00]} Nc6 {[%emt 0:00:02]} 5. f4 {[%emt 0:00:01] BrainThinker22 offers a draw} b6 {[%emt 0:00:07]} 6. g3 {[%emt 0:00:01]} Bb7 {[%emt 0:00:00]} 7. Bg2 {[%emt 0:00:01]} Nge7 {[%emt 0:00:00]} 8. Nge2 {[%emt 0:00:00]} h5 {[%emt 0:00:01]} 9. h3 {[%emt 0:00:01]} Nf5 {[%emt 0:00:00]} 10. O-O {[%emt 0:00:01]} d4 {[%emt 0:00:01]} 11. Ne4 {[%emt 0:00:01]} Be7 {[%emt 0:00:01]} 12. Bd2 {[%emt 0:00:01]} Qc7 {[%emt 0:00:01]} 13. Qe1 {[%emt 0:00:00]} a5 {[%emt 0:00:02]} 14. Qf2 {[%emt 0:00:00]} Nb4 {[%emt 0:00:01]} 15. Rfc1 {[%emt 0:00:04]} Nd5 {[%emt 0:00:05]} 16. c3 {[%emt 0:00:02]} Nde3 {[%emt 0:00:02]} 17. cxd4 {[%emt 0:00:01]} Nxg2 {[%emt 0:00:01]} 18. Qxg2 {[%emt 0:00:03]} Rd8 {[%emt 0:00:03]} 19. dxc5 {[%emt 0:00:02]} Rxd3 {[%emt 0:00:04]} 20. Qf2 {[%emt 0:00:14]} Bxe4 {[%emt 0:00:02]} 21. cxb6 {[%emt 0:00:00]} Qb8 {[%emt 0:00:04]} 22. Bxa5 {[%emt 0:00:01]} O-O {[%emt 0:00:01]} 23. Rc7 {[%emt 0:00:01]} Rf3 {[%emt 0:00:01]} 24. Qh2 {[%emt 0:00:04]} Bd8 {[%emt 0:00:01]} 25. Rc3 {[%emt 0:00:02]} Bxb6+ {[%emt 0:00:01]} 26. Bxb6 {[%emt 0:00:01]} Qxb6+ {[%emt 0:00:00]} 27. Kg2 {[%emt 0:00:05]} Qf2+ {[%emt 0:00:03] BrainThinker22 resigns (Lag: Av=1.06s, max=14.2s)} 0-1

[Event "Stay Safe Play From Home 322"]
[Site "Emanuel Lasker Arena"]
[Date "2020.07.22"]
[Round "7"]
[White "SoulofWolf"]
[Black "Udolerhard"]
[Result "1/2-1/2"]
[WhiteElo "2106"]
[BlackElo "1771"]
[PlyCount "129"]
[EventDate "2020.07.22"]
[EventType "swiss (blitz)"]

1. f4 {[%emt 0:00:01]} d5 {[%emt 0:00:04]} 2. d3 {[%emt 0:00:00]} c5 {[%emt 0:00:00]} 3. Nf3 {[%emt 0:00:00]} Nc6 {[%emt 0:00:00]} 4. b3 {[%emt 0:00:00]} g6 {[%emt 0:00:00]} 5. Bb2 {[%emt 0:00:00]} Nf6 {[%emt 0:00:01]} 6. Nbd2 {[%emt 0:00:01]} Bg7 {[%emt 0:00:00]} 7. e4 {[%emt 0:00:00]} dxe4 {[%emt 0:00:02]} 8. dxe4 {[%emt 0:00:00]} O-O {[%emt 0:00:03]} 9. h3 {[%emt 0:00:01]} Qc7 {[%emt 0:00:03]} 10. g3 {[%emt 0:00:01]} b6 {[%emt 0:00:01]} 11. Bg2 {[%emt 0:00:03]} Bb7 {[%emt 0:00:02]} 12. O-O {[%emt 0:00:00]} Rad8 {[%emt 0:00:00]} 13. Re1 {[%emt 0:00:00]} e5 {[%emt 0:00:03]} 14. f5 {[%emt 0:00:02]} Rd7 {[%emt 0:00:05]} 15. Qe2 {[%emt 0:00:01]} Rfd8 {[%emt 0:00:01]} 16. Nc4 {[%emt 0:00:03]} Nd4 {[%emt 0:00:00]} 17. Qf2 {[%emt 0:00:05]} b5 {[%emt 0:00:03]} 18. Ncxe5 {[%emt 0:00:02]} Nxe4 {[%emt 0:00:03]} 19. Rxe4 {[%emt 0:00:03]} Bxe4 {[%emt 0:00:01]} 20. Nxd7 {[%emt 0:00:01]} Nxf3+ {[%emt 0:00:03]} 21. Bxf3 {[%emt 0:00:02]} Bxb2 {[%emt 0:00:06]} 22. Rd1 {[%emt 0:00:09]} Bxf3 {[%emt 0:00:01]} 23. Qxf3 {[%emt 0:00:07]} Rxd7 {[%emt 0:00:00]} 24. Re1 {[%emt 0:00:02]} Bg7 {[%emt 0:00:02]} 25. f6 {[%emt 0:00:01]} Bf8 {[%emt 0:00:01]} 26. Re8 {[%emt 0:00:00]} Rd8 {[%emt 0:00:00]} 27. Re2 {[%emt 0:00:02]} Qd7 {[%emt 0:00:01]} 28. Kg2 {[%emt 0:00:00]} Qd4 {[%emt 0:00:01]} 29. h4 {[%emt 0:00:00]} Qd5 {[%emt 0:00:00]} 30. Re4 {[%emt 0:00:01]} Qd2+ {[%emt 0:00:02]} 31. Re2 {[%emt 0:00:01]} Qd5 {[%emt 0:00:01]} 32. Re4 {[%emt 0:00:01]} Qf5 {[%emt 0:00:00]} 33. h5 {[%emt 0:00:01]} Rd2+ {[%emt 0:00:01]} 34. Re2 {[%emt 0:00:01]} Qxf3+ {[%emt 0:00:00]} 35. Kxf3 {[%emt 0:00:01]} Rxe2 {[%emt 0:00:00]} 36. Kxe2 {[%emt 0:00:00]} Bd6 {[%emt 0:00:00]} 37. c3 {[%emt 0:00:00]} Be5 {[%emt 0:00:00]} 38. Kd3 {[%emt 0:00:00]} Bxf6 {[%emt 0:00:00]} 39. g4 {[%emt 0:00:00]} Bg7 {[%emt 0:00:00]} 40. hxg6 {[%emt 0:00:01]} Bf8 {[%emt 0:00:00]} 41. c4 {[%emt 0:00:00]} b4 {[%emt 0:00:00]} 42. Ke4 {[%emt 0:00:01]} a5 {[%emt 0:00:00]} 43. Kd5 {[%emt 0:00:00]} Kg7 {[%emt 0:00:00]} 44. gxh7 {[%emt 0:00:00]} Kh8 {[%emt 0:00:01]} 45. Kc6 {[%emt 0:00:00]} Kxh7 {[%emt 0:00:00]} 46. Kb5 {[%emt 0:00:00]} Kg7 {[%emt 0:00:00]} 47. Kxa5 {[%emt 0:00:00]} Kg6 {[%emt 0:00:00]} 48. Kb5 {[%emt 0:00:00]} Kg5 {[%emt 0:00:00]} 49. a4 {[%emt 0:00:00]} Kxg4 {[%emt 0:00:00]} 50. a5 {[%emt 0:00:00]} Bd6 {[%emt 0:00:00]} 51. a6 {[%emt 0:00:00]} Bb8 {[%emt 0:00:00]} 52. Kc6 {[%emt 0:00:00]} Ba7 {[%emt 0:00:00]} 53. Kb7 {[%emt 0:00:01]} f5 {[%emt 0:00:00]} 54. Kxa7 {[%emt 0:00:01]} f4 {[%emt 0:00:00]} 55. Kb6 {[%emt 0:00:00]} f3 {[%emt 0:00:00]} 56. a7 {[%emt 0:00:00]} f2 {[%emt 0:00:00]} 57. a8=Q {[%emt 0:00:00]} f1=Q {[%emt 0:00:00]} 58. Qc8+ {[%emt 0:00:00]} Kg3 {[%emt 0:00:01]} 59. Qc6 {[%emt 0:00:00]} Qf2 {[%emt 0:00:01]} 60. Qxc5 {[%emt 0:00:00]} Kg2 {[%emt 0:00:00]} 61. Kb5 {[%emt 0:00:00]} Kg1 {[%emt 0:00:00]} 62. Qxb4 {[%emt 0:00:00]} Kf1 {[%emt 0:00:00]} 63. Qc5 {[%emt 0:00:00]} Kg1 {[%emt 0:00:00]} 64. Qxf2+ {[%emt 0:00:01]} Kh1 {[%emt 0:00:00]} 65. c5 {[%emt 0:00:00] (Lag: Av=0.74s, max=1.0s)} 1/2-1/2

[Event "Stay Safe Play From Home 322"]
[Site "Emanuel Lasker Arena"]
[Date "2020.07.22"]
[Round "7"]
[White "Fischer_11"]
[Black "Lazieri3"]
[Result "1-0"]
[WhiteElo "2023"]
[BlackElo "2091"]
[Annotator "NA"]
[PlyCount "61"]
[EventDate "2020.07.22"]
[EventType "swiss (blitz)"]

1. e4 {[%emt 0:00:02]} c6 {[%emt 0:00:27]} 2. d4 {[%emt 0:00:01]} d5 {[%emt 0:00:00]} 3. exd5 {[%emt 0:00:00] Lazieri3 offers a draw} cxd5 {[%emt 0:00:02]} 4. c4 {[%emt 0:00:01]} Nc6 {[%emt 0:00:00]} 5. cxd5 {[%emt 0:00:01]} Qxd5 {[%emt 0:00:02]} 6. Nf3 {[%emt 0:00:00]} Bg4 {[%emt 0:00:01]} 7. Nc3 {[%emt 0:00:01]} Bxf3 {[%emt 0:00:01]} 8. gxf3 {[%emt 0:00:00]} Qxd4 {[%emt 0:00:01]} 9. Qxd4 {[%emt 0:00:00]} Nxd4 {[%emt 0:00:00]} 10. Nb5 {[%emt 0:00:00]} Nxb5 {[%emt 0:00:01]} 11. Bxb5+ {[%emt 0:00:00]} Kd8 {[%emt 0:00:01]} 12. Bf4 {[%emt 0:00:00]} e5 {[%emt 0:00:02]} 13. Bxe5 {[%emt 0:00:03]} Bb4+ {[%emt 0:00:01]} 14. Ke2 {[%emt 0:00:01]} Nf6 {[%emt 0:00:05]} 15. Rhd1+ {[%emt 0:00:02]} Ke7 {[%emt 0:00:01]} 16. Bxf6+ {[%emt 0:00:04]} Kxf6 {[%emt 0:00:01]} 17. Kf1 {[%emt 0:00:01]} Rhd8 {[%emt 0:00:02]} 18. a3 {[%emt 0:00:01]} Rxd1+ {[%emt 0:00:02]} 19. Rxd1 {[%emt 0:00:00]} Bc5 {[%emt 0:00:01]} 20. b4 {[%emt 0:00:02]} Bb6 {[%emt 0:00:01]} 21. Rd7 {[%emt 0:00:02]} Rd8 {[%emt 0:00:03]} 22. Rxb7 {[%emt 0:00:02]} Rd2 {[%emt 0:00:00]} 23. Bc4 {[%emt 0:00:02]} Rxf2+ {[%emt 0:00:00]} 24. Ke1 {[%emt 0:00:01]} Rxh2 {[%emt 0:00:03]} 25. Rxf7+ {[%emt 0:00:01]} Ke5 {[%emt 0:00:00]} 26. Rxg7 {[%emt 0:00:01]} Kd4 {[%emt 0:00:00]} 27. Be6 {[%emt 0:00:02]} Ke3 {[%emt 0:00:00]} 28. Kd1 {[%emt 0:00:01]} Rd2+ {[%emt 0:00:01]} 29. Kc1 {[%emt 0:00:01]} Ra2 {[%emt 0:00:02]} 30. Bxa2 {[%emt 0:00:01]} Kxf3 {[%emt 0:00:01]} 31. Re7 {[%emt 0:00:00] Time (Lag: Av=0.31s, max=0.4s)} 1-0